[Event "11th Reykjavik op"]
[Site "Reykjavik ISL"]
[Date "1984.02.19"]
[Round "5"]
[White "Cramling, Pia"]
[Black "Petursson, Margeir"]
[Result "0-1"]
[WhiteElo "2405"]
[BlackElo "2465"]
[EventDate "1984.02.14"]
[PlyCount "108"]

1.e4 c5 2.Nf3 Nc6 3.d4 cxd4 4.Nxd4 g6 5.c4 Bg7 6.Be3 Nf6 7.Nc3 O-O 8.Be2 
d6 9.O-O Bd7 10.Nc2 a6 11.f3 Rc8 12.a4 Be6 13.Nd5 Nd7 14.Rb1 Nc5 15.b3 a5 
16.Nd4 Bxd5 17.exd5 Nxd4 18.Bxd4 Bxd4+ 19.Qxd4 Qb6 20.Rfd1 Nd7 21.Qxb6 
Nxb6 22.f4 Rce8 23.Bg4 h5 24.Bh3 Kg7 25.Rd3 f5 26.Re1 Nd7 27.Rde3 Kf6 28.
g3 Nc5 29.Bg2 h4 30.Kf2 Rh8 31.Bf3 hxg3+ 32.Kxg3 g5 33.Re6+ Nxe6 34.Rxe6+ 
Kf7 35.fxg5 f4+ 36.Kxf4 Rxh2 37.Bg4 Rg8 38.Re3 Rg7 39.Kg3 Rh8 40.Kf4 Ke8 
41.Bf5 Rh4+ 42.Bg4 Rf7+ 43.Kg3 Rh1 44.Kg2 Rff1 45.g6 Rfg1+ 46.Kf3 Re1 47.
Rc3 Rc1 48.Re3 Rhe1 49.Rd3 Kf8 50.Kf4 Kg7 51.Rg3 Rf1+ 52.Kg5 Rce1 53.Bc8 
b6 54.Kh5 Rg1 0-1

[Event "11th Reykjavik op"]
[Site "Reykjavik ISL"]
[Date "1984.02.19"]
[Round "5"]
[White "Gretarsson, Andri Ass"]
[Black "Nykopp, Jan-Michael"]
[Result "0-1"]
[WhiteElo "2225"]
[BlackElo "2300"]
[EventDate "1984.02.14"]
[PlyCount "132"]

1.e4 c5 2.Nf3 d6 3.d4 cxd4 4.Nxd4 Nf6 5.Nc3 Nc6 6.Bc4 e6 7.Bb3 Be7 8.Be3 
a6 9.O-O Qc7 10.f4 Na5 11.Qd3 Nxb3 12.axb3 O-O 13.Ndb5 Qb8 14.Bb6 axb5 15.
Nxb5 Rxa1 16.Rxa1 Bd7 17.Nc7 Bd8 18.Ra8 Bxc7 19.Rxb8 Bxb6+ 20.Kf1 Rxb8 21.
Qxd6 Ba7 22.e5 Bb5+ 23.c4 Ne8 24.Qa3 Ba6 25.Ke1 Bg1 26.g3 h5 27.Kf1 Bd4 
28.Qa2 Rc8 29.Kg2 Ra8 30.Kh3 Nc7 31.Qa5 b6 32.Qd2 Rd8 33.b4 Bxc4 34.Qc1 
Bd3 35.Qxc7 Rd5 36.Kh4 Bg6 37.b3 Bg1 38.Qc1 Bxh2 39.Kh3 Bxg3 40.Kxg3 Rd3+ 
41.Kh2 Rxb3 42.Qd2 Rd3 43.Qf2 b5 44.Qe1 Bf5 45.Qe2 h4 46.Qe1 h3 47.Kg1 Rd4
48.Qe3 Rd1+ 49.Kh2 Rd3 50.Qe1 Rd4 51.Qe3 Rc4 52.Kg3 Rxb4 53.Qd2 Rb3+ 54.
Kh2 Rd3 55.Qb4 Kh7 56.Qe1 Rd4 57.Qf2 Rd7 58.Qe1 Rd3 59.Qh4+ Kg8 60.Qe1 Rd4
61.Qe3 Rc4 62.Kg1 Kh7 63.Kh1 b4 64.Qd2 Be4+ 65.Kg1 Rc2 66.Qxc2 Bxc2 0-1

[Event "11th Reykjavik op"]
[Site "Reykjavik ISL"]
[Date "1984.02.19"]
[Round "5"]
[White "Gutman, Lev"]
[Black "Halldorsson, Gudmundur"]
[Result "1-0"]
[WhiteElo "2480"]
[BlackElo "2260"]
[EventDate "1984.02.14"]
[PlyCount "57"]

1.Nf3 Nf6 2.g3 d5 3.Bg2 Bf5 4.d3 e6 5.O-O Be7 6.c4 c6 7.Qb3 Qb6 8.Nc3 Qxb3
9.axb3 h6 10.cxd5 exd5 11.e4 dxe4 12.dxe4 Nxe4 13.Nd4 Nxc3 14.Nxf5 Ne2+ 
15.Kh1 Nxc1 16.Re1 Kf8 17.Rxe7 g6 18.Rxb7 gxf5 19.Rxc1 Kg7 20.Bh3 Re8 21.
Bxf5 Re2 22.Kg2 Kf6 23.Rc5 a5 24.Bd3 Re7 25.Rf5+ Ke6 26.Bc4+ Kxf5 27.Rxe7 
Na6 28.Rxf7+ Kg6 29.f4 1-0

[Event "11th Reykjavik op"]
[Site "Reykjavik ISL"]
[Date "1984.02.19"]
[Round "5"]
[White "Halldorsson, Bragi"]
[Black "Taylor, Gordon"]
[Result "0-1"]
[WhiteElo "2250"]
[BlackElo "2325"]
[EventDate "1984.02.14"]
[PlyCount "136"]

1.d4 Nf6 2.c4 e6 3.Nc3 Bb4 4.a3 Bxc3+ 5.bxc3 c5 6.f3 Nh5 7.Nh3 f5 8.Bg5 
Qa5 9.Qd2 Nc6 10.g4 fxg4 11.fxg4 Nf6 12.Bxf6 gxf6 13.e3 b6 14.Be2 Bb7 15.
O-O cxd4 16.exd4 h5 17.g5 fxg5 18.Qxg5 Ne7 19.Qxa5 bxa5 20.Bf3 Bxf3 21.
Rxf3 Rb8 22.Nf2 Rb2 23.a4 Rg8+ 24.Kh1 Nf5 25.d5 Nh4 26.Rf4 Ng6 27.Rf3 Ne5 
28.Rf4 Rf8 29.Rxf8+ Kxf8 30.Rf1 Ke7 31.dxe6 Kxe6 32.Nh3 Ng4 33.Nf4+ Kd6 
34.h3 Ne3 35.c5+ Kc6 36.Rf3 Rb1+ 37.Kh2 Rb2+ 38.Kg1 Rb1+ 39.Kf2 Nd1+ 40.
Ke2 Nb2 41.Nd3 Nxa4 42.Rf6+ Kb5 43.Rf7 Nxc3+ 44.Kd2 Ne4+ 45.Kc2 Rh1 46.
Rxd7 Rh2+ 47.Kc1 Rxh3 48.Kc2 Nxc5 49.Nxc5 Kxc5 50.Rxa7 Kb4 51.Rb7+ Ka3 52.
Rb1 a4 53.Ra1+ Kb4 54.Rf1 a3 55.Rf4+ Kc5 56.Kb1 Kd5 57.Ka2 Ke5 58.Ra4 h4 
59.Ra5+ Kf4 60.Ra4+ Kg3 61.Rxa3+ Kg2 62.Ra4 Rh1 63.Rb4 Rh2 64.Ka1 h3 65.
Rb2+ Kg3 66.Rb3+ Kf4 67.Rb4+ Ke3 68.Rb8 Rd2 0-1

[Event "11th Reykjavik op"]
[Site "Reykjavik ISL"]
[Date "1984.02.19"]
[Round "5"]
[White "Haraldsson, Haraldur"]
[Black "Benedictsson, Benony"]
[Result "0-1"]
[WhiteElo "2215"]
[BlackElo "2355"]
[EventDate "1984.02.14"]
[PlyCount "93"]

1.Nf3 d5 2.d4 Nc6 3.e3 Bg4 4.Be2 Nf6 5.O-O e6 6.c4 h5 7.Nc3 Bd6 8.c5 Be7 
9.b4 Bxf3 10.Bxf3 Nxb4 11.Rb1 a5 12.Qa4+ c6 13.a3 Na6 14.Rxb7 Qc8 15.Rb6 
Kd7 16.Be2 Bd8 17.Rxc6 Nc7 18.Ba6 Rxa6 19.Rxa6+ Ke7 20.Rxa5 Ng4 21.Qc6 Qb8
22.Qd6+ Kf6 23.Nxd5+ Kg6 24.Nb6 Qb7 25.h3 Nd5 26.Qg3 Nc3 27.Re1 Ne4 28.Qf3
f5 29.Rb5 Qb8 30.g3 Ngxf2 31.h4 Bc7 32.a4 Bxg3 33.Nd7 Qd8 34.Ne5+ Bxe5 35.
dxe5 Qxh4 36.Rb6 Re8 37.Kf1 Nd3 38.Rd1 Nxc1 39.Qg2+ Ng3+ 40.Kf2 Ne2 41.Rd7
Kh7 42.Rbb7 Rg8 43.c6 Qg4 44.Ke1 Qxa4 45.Ra7 Qb4+ 46.Kf2 Qb2 47.Ke1 0-1

[Event "11th Reykjavik op"]
[Site "Reykjavik ISL"]
[Date "1984.02.19"]
[Round "5"]
[White "Hoei, Carsten"]
[Black "Ostermeyer, Peter"]
[Result "1-0"]
[WhiteElo "2400"]
[BlackElo "2460"]
[EventDate "1984.02.14"]
[PlyCount "87"]

1.d4 Nf6 2.Nc3 d5 3.Bg5 Nbd7 4.e3 h6 5.Bh4 e6 6.Nf3 c5 7.Bd3 c4 8.Be2 Bb4 
9.O-O Bxc3 10.Bxf6 Nxf6 11.bxc3 Qa5 12.Qe1 Bd7 13.a4 Ne4 14.Nd2 Nd6 15.e4 
Qxc3 16.exd5 Qxd4 17.Nf3 Qc5 18.Ne5 O-O-O 19.Bg4 Rhe8 20.a5 Kc7 21.Qc3 Bc8
22.Qg3 Re7 23.a6 exd5 24.Bxc8 Rxc8 25.axb7 Kxb7 26.Nf3 g5 27.Nd4 Ne4 28.
Qe3 Ka8 29.c3 Rb8 30.Rfe1 Reb7 31.h4 f6 32.h5 Rb2 33.f3 Ng3 34.Kh2 Qc7 35.
Kg1 Qc5 36.Kh2 Qc7 37.Kg1 R2b6 38.Ne6 Qd6 39.Nd4 Qd7 40.Ra2 Rb1 41.Ra1 
Rxe1+ 42.Rxe1 Nxh5 43.Ra1 Nf4 44.Nc6 1-0

[Event "11th Reykjavik op"]
[Site "Reykjavik ISL"]
[Date "1984.02.19"]
[Round "5"]
[White "Johannesson, Larus"]
[Black "McCambridge, Vincent"]
[Result "0-1"]
[WhiteElo "2300"]
[BlackElo "2465"]
[EventDate "1984.02.14"]
[PlyCount "88"]

1.d4 Nf6 2.c4 g6 3.Nc3 Bg7 4.e4 O-O 5.Be2 d6 6.Bg5 h6 7.Be3 e5 8.d5 Na6 9.
g4 Nc5 10.f3 a5 11.Nh3 Ne8 12.Nf2 Qh4 13.Qd2 Kh7 14.Rg1 Nf6 15.Rg3 Ng8 16.
O-O-O Bd7 17.Nh3 Qe7 18.Nf2 Bf6 19.g5 Bxg5 20.Bxg5 hxg5 21.Rxg5 Nf6 22.f4 
exf4 23.Qxf4 Rae8 24.Bf3 Kg7 25.h4 Nh7 26.Rg3 Qe5 27.Qxe5+ Rxe5 28.h5 Ng5 
29.Bg2 gxh5 30.Rh1 Rh8 31.Rh4 Kf6 32.Bf1 Ke7 33.Be2 Rh6 34.Kc2 Nh7 35.b3 
Rg6 36.Rf3 Nf6 37.a3 Bg4 38.Re3 Bxe2 39.Rxe2 Rg2 40.b4 axb4 41.axb4 Ncd7 
42.Nd3 Rxe2+ 43.Nxe2 Rxe4 44.Rh2 Rxc4+ 0-1

[Event "11th Reykjavik op"]
[Site "Reykjavik ISL"]
[Date "1984.02.19"]
[Round "5"]
[White "Jonasson, Benedikt"]
[Black "Solmundarson, Magnus"]
[Result "0-1"]
[WhiteElo "2210"]
[BlackElo "2265"]
[EventDate "1984.02.14"]
[PlyCount "90"]

1.Nf3 Nf6 2.c4 c6 3.d4 d5 4.Nc3 g6 5.e3 Bg7 6.Bd3 O-O 7.O-O Bg4 8.h3 Bxf3 
9.Qxf3 e6 10.Rd1 Nbd7 11.e4 e5 12.dxe5 Nxe5 13.Qe2 d4 14.Bc2 c5 15.f4 Ned7
16.Nd5 Nxd5 17.cxd5 Re8 18.Qf3 Nb6 19.e5 Qxd5 20.Be4 Qe6 21.Bxb7 Rab8 22.
Bc6 Red8 23.Be4 c4 24.f5 Qxe5 25.Bf4 Qc5 26.Bxb8 Rxb8 27.Rf1 Rf8 28.Kh1 
Nd7 29.Rac1 Ne5 30.Qg3 Rd8 31.fxg6 hxg6 32.b3 c3 33.Bd3 Bh6 34.Rc2 Be3 35.
Rf5 Nxd3 36.Rxc5 Nxc5 37.Qe1 Bd2 38.Rxd2 cxd2 39.Qxd2 d3 40.Qa5 Rd5 41.
Qxa7 Kg7 42.Qa8 Rd7 43.Qf3 d2 44.Qd1 Ne4 45.Kh2 Nc3 0-1

[Event "11th Reykjavik op"]
[Site "Reykjavik ISL"]
[Date "1984.02.19"]
[Round "5"]
[White "Josteinsson, Leifur"]
[Black "Schuessler, Harry"]
[Result "0-1"]
[WhiteElo "2275"]
[BlackElo "2445"]
[EventDate "1984.02.14"]
[PlyCount "91"]

1.d4 Nf6 2.e3 b6 3.Nf3 Bb7 4.Bd3 g6 5.O-O Bg7 6.c4 O-O 7.Nc3 d5 8.Qe2 dxc4
9.Bxc4 Ne4 10.Nxe4 Bxe4 11.Rd1 Qd6 12.Bd2 Nd7 13.Bc3 Nf6 14.Ne5 Bb7 15.Be1
c5 16.Rac1 cxd4 17.exd4 Rac8 18.a3 Nd5 19.Bd2 Rc7 20.Nf3 Rfc8 21.b3 e6 22.
a4 Ne7 23.Ne5 Qxd4 24.Nxf7 Rxc4 25.bxc4 Kxf7 26.Bc3 Qc5 27.Bxg7 Qc6 28.f3 
Kxg7 29.Kh1 Kf7 30.Qe5 Nf5 31.a5 Qc7 32.Qb5 Bc6 33.axb6 Bxb5 34.bxc7 Be8 
35.Ra1 Rxc7 36.Ra5 Ne7 37.h4 Nc6 38.Rc5 a5 39.h5 Ra7 40.hxg6+ hxg6 41.Rd6 
Ke7 42.Rcxc6 Bxc6 43.Rxc6 a4 44.Rb6 a3 45.Rb1 Kd6 46.Kg1 0-1

[Event "11th Reykjavik op"]
[Site "Reykjavik ISL"]
[Date "1984.02.19"]
[Round "5"]
[White "Karlsson, Agust Sindri"]
[Black "Einarsson, Halldor"]
[Result "0-1"]
[WhiteElo "2285"]
[BlackElo "2285"]
[EventDate "1984.02.14"]
[PlyCount "62"]

1.c4 Nf6 2.Nc3 g6 3.g3 Bg7 4.Bg2 O-O 5.Nf3 d6 6.O-O Nc6 7.Rb1 e5 8.b4 Re8 
9.b5 Nd4 10.e3 Nxf3+ 11.Bxf3 e4 12.Bg2 Bf5 13.d4 exd3 14.Bxb7 Nd7 15.Bxa8 
Qxa8 16.Nd5 Bh3 17.f4 Nb6 18.Qxd3 Bf5 19.Nxb6 axb6 20.Qb3 Qe4 21.Bd2 Bc8 
22.Rf2 Bb7 23.Kf1 d5 24.cxd5 Bxd5 25.Qb4 Qd3+ 26.Kg1 Re4 27.Rb3 Qc2 28.Qa3
Re8 29.Qc1 Qe4 30.Kf1 Ra8 31.Ra3 Rxa3 0-1

[Event "11th Reykjavik op"]
[Site "Reykjavik ISL"]
[Date "1984.02.19"]
[Round "5"]
[White "Karlsson, Hilmar"]
[Black "Lagerman, Robert"]
[Result "0-1"]
[WhiteElo "2220"]
[BlackElo "2295"]
[EventDate "1984.02.14"]
[PlyCount "106"]

1.e4 e5 2.Nf3 Nc6 3.d4 exd4 4.Nxd4 Nf6 5.Nc3 Bb4 6.Nxc6 bxc6 7.Bd3 d5 8.
exd5 cxd5 9.O-O O-O 10.Bg5 c6 11.Ne2 h6 12.Bh4 Bg4 13.c3 Bd6 14.f3 Bd7 15.
b4 a5 16.a3 c5 17.bxc5 Bxc5+ 18.Nd4 Qb6 19.Kh1 Be7 20.Bf5 Qc7 21.Qd2 Rac8 
22.Rfe1 Bd8 23.Bg3 Qa7 24.Nb5 Qc5 25.Bxd7 Nxd7 26.a4 Bg5 27.Qd3 Rc6 28.Qf5
Nb6 29.Be5 Rg6 30.Bd4 Qc4 31.f4 Bh4 32.g3 Bd8 33.Qc2 h5 34.f5 Rg4 35.f6 
Bxf6 36.Bxb6 d4 37.Bxa5 h4 38.Qe2 d3 39.Qf3 hxg3 40.Nd6 g2+ 41.Qxg2 Qf4 
42.Rf1 Qg5 43.Qf3 Be5 44.Ne4 Qh4 45.Ra2 Rxe4 46.Bb4 Rf4 47.Qxd3 Rd8 48.
Rxf4 Bxf4 49.Qf3 Qe1+ 50.Kg2 Bd2 51.Qf2 Qe4+ 52.Qf3 Qb1 53.Ra3 Bc1 0-1

[Event "11th Reykjavik op"]
[Site "Reykjavik ISL"]
[Date "1984.02.19"]
[Round "5"]
[White "King, Daniel John"]
[Black "Wedberg, Tom"]
[Result "0-1"]
[WhiteElo "2435"]
[BlackElo "2495"]
[EventDate "1984.02.14"]
[PlyCount "94"]

1.Nf3 c5 2.c4 Nc6 3.d4 cxd4 4.Nxd4 e6 5.g3 Qb6 6.Nb3 Ne5 7.e4 a5 8.Be3 Qc6
9.N1d2 Bb4 10.f3 Nxc4 11.Bxc4 Qxc4 12.a3 Qd3 13.axb4 Qxe3+ 14.Qe2 Qxe2+ 
15.Kxe2 a4 16.b5 d5 17.exd5 exd5 18.Nd4 Ne7 19.Rhc1 Kd7 20.b3 a3 21.Nb1 
Kd6 22.Nxa3 Nf5 23.Nac2 Nxd4+ 24.Nxd4 Rxa1 25.Rxa1 Kc5 26.Kd3 Bd7 27.Rc1+ 
Kb6 28.h4 Re8 29.h5 h6 30.g4 Re7 31.Rg1 Bxb5+ 32.Kd2 Kc5 33.Nf5 Re2+ 34.
Kc1 Kb4 35.Rd1 Re5 36.Nxg7 Bd7 37.Kd2 Rg5 38.Nf5 Bxf5 39.gxf5 Rxh5 40.Ke3 
Rxf5 41.f4 b5 42.Rh1 h5 43.Rh4 Kc3 44.b4 Kxb4 45.Kd4 Ka4 46.Kc5 b4 47.Kd4 
b3 0-1

[Event "11th Reykjavik op"]
[Site "Reykjavik ISL"]
[Date "1984.02.19"]
[Round "5"]
[White "Knezevic, Milorad"]
[Black "Petursson, Palmi"]
[Result "1/2-1/2"]
[WhiteElo "2450"]
[BlackElo "2370"]
[EventDate "1984.02.14"]
[PlyCount "91"]

1.d4 Nf6 2.c4 c5 3.d5 e6 4.Nc3 exd5 5.cxd5 d6 6.e4 g6 7.Nf3 Bg7 8.Bg5 h6 
9.Bh4 O-O 10.Nd2 Re8 11.Be2 a6 12.O-O b5 13.Qc2 Nbd7 14.a4 b4 15.Nd1 Ne5 
16.Ne3 g5 17.Bg3 Qe7 18.Rfe1 g4 19.Bxe5 Qxe5 20.Nec4 Qe7 21.e5 Nxd5 22.
Nxd6 Rd8 23.Nxc8 Raxc8 24.Bxg4 Rc7 25.Nc4 Nf4 26.g3 Qg5 27.Bf5 Rd4 28.b3 
Ne6 29.Bxe6 fxe6 30.Rad1 Rcd7 31.Rxd4 Rxd4 32.Re2 Qg4 33.Rd2 Qf3 34.Rxd4 
cxd4 35.Qg6 Qd5 36.Qd3 Bxe5 37.Nxe5 Qxe5 38.Qg6+ Kf8 39.Qxh6+ Ke7 40.Qh7+ 
Kd6 41.Qd3 a5 42.h4 Qe1+ 43.Kg2 Qc3 44.Qa6+ Ke7 45.Qxa5 d3 46.Qg5+ 1/2-1/2

[Event "11th Reykjavik op"]
[Site "Reykjavik ISL"]
[Date "1984.02.19"]
[Round "5"]
[White "Lobron, Eric"]
[Black "Ornstein, Axel"]
[Result "0-1"]
[WhiteElo "2520"]
[BlackElo "2405"]
[EventDate "1984.02.14"]
[PlyCount "90"]

1.e4 c5 2.Nf3 d6 3.d4 cxd4 4.Nxd4 Nf6 5.Nc3 e6 6.Be2 Be7 7.O-O O-O 8.f4 
Nc6 9.Kh1 a6 10.a4 Qc7 11.Be3 Re8 12.Bd3 Nxd4 13.Bxd4 e5 14.Bg1 Bg4 15.Qd2
exf4 16.Qxf4 Be6 17.Nd5 Qc6 18.Nxe7+ Rxe7 19.Qh4 Bc4 20.Rxf6 Bxd3 21.cxd3 
gxf6 22.Bd4 Re5 23.Qxf6 Rae8 24.Rf1 Qc7 25.Rf3 R8e6 26.Rg3+ Kf8 27.Qg7+ 
Ke8 28.Rf3 Rg6 29.Qh8+ Ke7 30.Qa8 Qc1+ 31.Bg1 Rf6 32.Rxf6 Kxf6 33.h4 Qd1 
34.Qg8 Qxd3 35.Bb6 Qf1+ 36.Kh2 Qf4+ 37.g3 Qxe4 38.Bd8+ Ke6 39.Qe8+ Kf5 40.
Qxf7+ Kg4 41.Qg8+ Kf3 42.Qb3+ Ke2 43.Bg5 Rd5 44.Qxb7 Kf1 45.Qxa6+ Rd3 0-1

[Event "11th Reykjavik op"]
[Site "Reykjavik ISL"]
[Date "1984.02.19"]
[Round "5"]
[White "Olafsson, Fridrik"]
[Black "Hjartarson, Johann"]
[Result "0-1"]
[WhiteElo "2495"]
[BlackElo "2415"]
[EventDate "1984.02.14"]
[PlyCount "74"]

1.d4 Nf6 2.Nf3 e6 3.c4 c5 4.e3 d5 5.Nc3 a6 6.dxc5 Bxc5 7.a3 O-O 8.b4 Ba7 
9.Bb2 dxc4 10.Bxc4 b5 11.Bd3 Bb7 12.O-O Nbd7 13.Qe2 Qe7 14.Rfd1 Rac8 15.
Ng5 h6 16.Nge4 Bb8 17.a4 Rfd8 18.axb5 axb5 19.Nxf6+ Nxf6 20.Nxb5 Rd5 21.f4
e5 22.Nc3 Rd7 23.Ba6 exf4 24.exf4 Rxd1+ 25.Rxd1 Qxb4 26.Bxb7 Qxb7 27.Kh1 
Re8 28.Qb5 Qe7 29.Rf1 Ba7 30.Qf5 Qe1 31.Qb1 Qh4 32.g3 Qh3 33.Re1 Rxe1+ 34.
Qxe1 Ng4 35.Qe8+ Kh7 36.Qe2 Nf2+ 37.Kg1 Ne4+ 0-1

[Event "11th Reykjavik op"]
[Site "Reykjavik ISL"]
[Date "1984.02.19"]
[Round "5"]
[White "Olafsson, Helgi"]
[Black "Meyer, Holger"]
[Result "1-0"]
[WhiteElo "2445"]
[BlackElo "2305"]
[EventDate "1984.02.14"]
[PlyCount "97"]

1.d4 d5 2.c4 e6 3.Nf3 Nf6 4.Nc3 Be7 5.Bg5 O-O 6.e3 h6 7.Bxf6 Bxf6 8.Rc1 c6
9.Bd3 Nd7 10.O-O dxc4 11.Bxc4 e5 12.Re1 exd4 13.exd4 Nb6 14.Bb3 Bg4 15.Ne4
Re8 16.Re3 Nd5 17.Bxd5 cxd5 18.Nxf6+ Qxf6 19.Qe1 Rxe3 20.Qxe3 Bxf3 21.Qxf3
Qe6 22.g3 Qd7 23.Kg2 Rd8 24.h4 b6 25.Re1 Qd6 26.b3 Qb4 27.Re5 Qxd4 28.Re7 
Qf6 29.Qxf6 gxf6 30.Rxa7 d4 31.Rc7 Kg7 32.Kf3 f5 33.Ke2 f4 34.gxf4 d3+ 35.
Kd2 Rd4 36.Rc4 Rd5 37.b4 Rh5 38.Rc6 b5 39.Rc5 Rxh4 40.Rxb5 Rxf4 41.a4 h5 
42.a5 h4 43.a6 h3 44.a7 Rxf2+ 45.Kxd3 Rf3+ 46.Ke2 h2 47.a8=Q h1=Q 48.Qxf3 
Qh2+ 49.Kf1 1-0

[Event "11th Reykjavik op"]
[Site "Reykjavik ISL"]
[Date "1984.02.19"]
[Round "5"]
[White "Schneider, Lars-Aake"]
[Black "Jonsson, Bjorgvin"]
[Result "1-0"]
[WhiteElo "2440"]
[BlackElo "2255"]
[EventDate "1984.02.14"]
[PlyCount "40"]

1.e4 c5 2.Nf3 d6 3.d4 cxd4 4.Nxd4 Nf6 5.Nc3 g6 6.Be3 Bg7 7.f3 O-O 8.Qd2 
Nc6 9.O-O-O d5 10.exd5 Nxd5 11.Nxc6 bxc6 12.Bd4 e5 13.Bc5 Be6 14.Ne4 Rb8 
15.h4 Re8 16.g4 f5 17.gxf5 gxf5 18.Nd6 e4 19.Rg1 e3 20.Rxg7+ Kxg7 1-0

[Event "11th Reykjavik op"]
[Site "Reykjavik ISL"]
[Date "1984.02.19"]
[Round "5"]
[White "Thorhallsson, Throestur"]
[Black "Kristjansson, Bragi"]
[Result "0-1"]
[WhiteElo "2315"]
[BlackElo "2295"]
[EventDate "1984.02.14"]
[PlyCount "77"]

1.e4 e6 2.d4 d5 3.e5 c5 4.c3 Qb6 5.Bd3 cxd4 6.cxd4 Nc6 7.Ne2 Bd7 8.Nbc3 
Nxd4 9.Be3 Bc5 10.Na4 Bxa4 11.Qxa4+ Nc6 12.Bxc5 Qxc5 13.Rc1 Qb6 14.O-O Ne7
15.Rc3 Qc7 16.f4 g6 17.Kh1 O-O 18.Qd1 f6 19.exf6 Rxf6 20.Qe1 e5 21.fxe5 
Rxf1+ 22.Qxf1 Rf8 23.Qd1 Qxe5 24.Ng1 Nd4 25.Bb1 Rf2 26.Rd3 Nef5 27.Qc1 Nc6
28.Rh3 Qxb2 29.Qc5 Qd4 30.Qb5 Rb2 31.Qf1 Ne3 32.Qe1 Qb4 33.Qxe3 Rxb1 34.
Qe6+ Kg7 35.Rf3 Qe7 36.Qxd5 Re1 37.a3 Re5 38.Qd3 Re1 39.Qc3+ 0-1

[Event "11th Reykjavik op"]
[Site "Reykjavik ISL"]
[Date "1984.02.19"]
[Round "5"]
[White "Zaltsman, Vitaly"]
[Black "Reshevsky, Samuel Herman"]
[Result "1/2-1/2"]
[WhiteElo "2390"]
[BlackElo "2460"]
[EventDate "1984.02.14"]
[PlyCount "22"]

1.d4 Nf6 2.c4 e6 3.Nf3 b6 4.g3 Ba6 5.Qa4 Be7 6.Bg2 Bb7 7.O-O O-O 8.Nc3 Ne4
9.Nxe4 Bxe4 10.Ne1 Bxg2 11.Nxg2 d5 1/2-1/2

[Event "11th Reykjavik op"]
[Site "Reykjavik ISL"]
[Date "1984.02.20"]
[Round "6"]
[White "Arnason, Asgeir Thor"]
[Black "Jonasson, Benedikt"]
[Result "1/2-1/2"]
[WhiteElo "2260"]
[BlackElo "2210"]
[EventDate "1984.02.14"]
[PlyCount "107"]

1.e4 c5 2.Nf3 e6 3.d4 cxd4 4.Nxd4 Nf6 5.Nc3 Nc6 6.Ndb5 d6 7.Bf4 e5 8.Bg5 
a6 9.Na3 Be6 10.Nc4 Rc8 11.Bxf6 gxf6 12.Bd3 Ne7 13.Ne3 Qb6 14.O-O Qxb2 15.
Ncd5 Bxd5 16.Rb1 Qd4 17.exd5 Rc7 18.g3 Bh6 19.Qf3 Bxe3 20.fxe3 Qxd5 21.
Qxf6 O-O 22.Rb4 e4 23.Bxe4 Qh5 24.Rxb7 Rxb7 25.Bxb7 Ng6 26.Qxd6 Qg5 27.Qd4
Rd8 28.Qe4 a5 29.c4 Kg7 30.Bd5 Rd7 31.Rf5 Qd8 32.Qd4+ f6 33.g4 h6 34.g5 
hxg5 35.Rxg5 Rd6 36.Rg3 Qb8 37.Qe4 f5 38.Qxf5 Rf6 39.Qd3 Qb2 40.Rf3 Rxf3 
41.Bxf3 Qa1+ 42.Qd1 Qxa2 43.Qd4+ Kh6 44.c5 a4 45.c6 a3 46.Be4 Qe6 47.Bd5 
Qf5 48.e4 Qg4+ 49.Kf1 Qf3+ 50.Ke1 Qh1+ 51.Kd2 Qxh2+ 52.Kc1 a2 53.Qa1 Ne5 
54.Qxa2 1/2-1/2

[Event "11th Reykjavik op"]
[Site "Reykjavik ISL"]
[Date "1984.02.20"]
[Round "6"]
[White "Benedictsson, Benony"]
[Black "Karlsson, Hilmar"]
[Result "0-1"]
[WhiteElo "2355"]
[BlackElo "2220"]
[EventDate "1984.02.14"]
[PlyCount "76"]

1.d4 Nf6 2.c4 e6 3.Nc3 d5 4.Bg5 Be7 5.e3 h6 6.Bf4 O-O 7.h4 c5 8.g4 cxd4 9.
exd4 e5 10.dxe5 Nxg4 11.cxd5 Bc5 12.Bg3 Re8 13.f4 Qb6 14.Qe2 Bxg1 15.O-O-O
Bf5 16.Be1 Rc8 17.Rxg1 Qxg1 18.Bd2 Na6 19.Bg2 Qf2 20.Qxf2 Nxf2 21.Be3 Nxd1
22.Kxd1 b6 23.d6 Rxc3 24.bxc3 Rc8 25.Bd4 Nc5 26.Ke1 Ne4 27.a4 Nxc3 28.a5 
bxa5 29.Bxa7 a4 30.Bb7 a3 31.Bxc8 a2 32.Bxf5 a1=Q+ 33.Kd2 Qxa7 34.Kxc3 
Qe3+ 35.Kb2 Qxf4 36.d7 Qxe5+ 37.Kc1 Qf4+ 38.Kd1 Qxh4 0-1

[Event "11th Reykjavik op"]
[Site "Reykjavik ISL"]
[Date "1984.02.20"]
[Round "6"]
[White "Chandler, Murray Graham"]
[Black "Olafsson, Helgi"]
[Result "0-1"]
[WhiteElo "2515"]
[BlackElo "2445"]
[EventDate "1984.02.14"]
[PlyCount "70"]

1.e4 c5 2.Nf3 d6 3.d4 cxd4 4.Nxd4 Nf6 5.Nc3 a6 6.Be3 e6 7.f4 b5 8.Qf3 Bb7 
9.Bd3 Nbd7 10.g4 b4 11.Nce2 Nc5 12.Ng3 Qc7 13.O-O Nfd7 14.a3 bxa3 15.b4 
Nxd3 16.cxd3 Be7 17.Rfc1 Qb8 18.Rxa3 O-O 19.g5 Rc8 20.Rf1 Bf8 21.h4 d5 22.
Rb3 dxe4 23.Nxe4 Bd5 24.Rb2 Nc5 25.f5 Nxd3 26.Rg2 Qe5 27.Rg4 exf5 28.Nxf5 
Rc2 29.Bf2 Nxf2 30.Rxf2 Rxf2 31.Kxf2 Re8 32.Nh6+ Kh8 33.Nxf7+ Bxf7 34.Qxf7
Bxb4 35.Rf4 Qb8 0-1

[Event "11th Reykjavik op"]
[Site "Reykjavik ISL"]
[Date "1984.02.20"]
[Round "6"]
[White "De Firmian, Nick"]
[Black "Zaltsman, Vitaly"]
[Result "1-0"]
[WhiteElo "2515"]
[BlackElo "2390"]
[EventDate "1984.02.14"]
[PlyCount "67"]

1.e4 c5 2.Nf3 Nc6 3.d4 cxd4 4.Nxd4 Nf6 5.Nc3 d6 6.Bc4 e6 7.Be3 Be7 8.Qe2 
O-O 9.O-O-O Nxd4 10.Bxd4 Qa5 11.Bb3 Bd7 12.Rhg1 Rac8 13.g4 e5 14.g5 exd4 
15.gxf6 Bxf6 16.Nd5 Qd8 17.Qf3 Be5 18.Qg2 Be6 19.f4 Bf6 20.Rd3 Kh8 21.Kb1 
Rc5 22.Rg3 Rg8 23.f5 Bxd5 24.Bxd5 Qe7 25.Rh3 g5 26.Rg3 Rg7 27.h4 h6 28.
hxg5 Rxg5 29.Qh3 Kg7 30.Rxg5+ Bxg5 31.f6+ Qxf6 32.Rf1 d3 33.cxd3 Qf2 34.a3
1-0

[Event "11th Reykjavik op"]
[Site "Reykjavik ISL"]
[Date "1984.02.20"]
[Round "6"]
[White "Einarsson, Halldor"]
[Black "Josteinsson, Leifur"]
[Result "1-0"]
[WhiteElo "2285"]
[BlackElo "2275"]
[EventDate "1984.02.14"]
[PlyCount "77"]

1.e4 c6 2.d4 d5 3.exd5 cxd5 4.c4 Nf6 5.Nc3 g6 6.Qb3 Bg7 7.cxd5 O-O 8.Nf3 
b6 9.Bc4 a6 10.a4 Ne8 11.O-O Nd6 12.Bf4 Nd7 13.Rfd1 Nxc4 14.Qxc4 Bb7 15.
Ne5 Nf6 16.Nc6 Qd7 17.Re1 Rfe8 18.Ne5 Qd8 19.Nc6 Qd7 20.b4 Nxd5 21.Nxd5 
Bxc6 22.Nxb6 Qb7 23.Nxa8 Qxa8 24.f3 Bd5 25.Qd3 e6 26.Rac1 Qa7 27.Rc5 Qd7 
28.b5 axb5 29.axb5 Qd8 30.Rec1 Bb7 31.Be5 Bh6 32.Ra1 Bf8 33.Rc7 Bd5 34.
Raa7 Qh4 35.Rxf7 Qe1+ 36.Qf1 Qe3+ 37.Kh1 Bc4 38.Qa1 Rc8 39.Rxh7 1-0

[Event "11th Reykjavik op"]
[Site "Reykjavik ISL"]
[Date "1984.02.20"]
[Round "6"]
[White "Geller, Efim"]
[Black "Schneider, Lars-Aake"]
[Result "0-1"]
[WhiteElo "2560"]
[BlackElo "2440"]
[EventDate "1984.02.14"]
[PlyCount "50"]

1.c4 c5 2.Nf3 Nc6 3.Nc3 e5 4.g3 g6 5.Bg2 Bg7 6.O-O d6 7.a3 a5 8.d3 Nge7 9.
Bd2 O-O 10.Ne1 Be6 11.Nd5 Rb8 12.b4 axb4 13.axb4 Bxd5 14.cxd5 Nxb4 15.Bxb4
cxb4 16.Ra4 b5 17.Rxb4 Qa5 18.Rb1 b4 19.e4 Rfc8 20.Nc2 Bh6 21.Na1 Rc3 22.
Re1 b3 23.Qe2 Qb5 24.Rb2 Qc5 25.Rbb1 Bc1 0-1

[Event "11th Reykjavik op"]
[Site "Reykjavik ISL"]
[Date "1984.02.20"]
[Round "6"]
[White "Gretarsson, Andri Ass"]
[Black "Bjarnason, Saevar"]
[Result "0-1"]
[WhiteElo "2225"]
[BlackElo "2375"]
[EventDate "1984.02.14"]
[PlyCount "92"]

1.e4 c5 2.Nf3 Nc6 3.d4 cxd4 4.Nxd4 e6 5.Nb5 d6 6.c4 Nf6 7.Bg5 a6 8.Bxf6 
gxf6 9.N5c3 Bd7 10.Be2 Qb6 11.b3 Qa5 12.O-O h5 13.f4 h4 14.Bg4 O-O-O 15.
Ne2 Bg7 16.f5 Bh6 17.Nbc3 Qe5 18.Qd3 Qc5+ 19.Kh1 Ne5 20.Qh3 Nxg4 21.Qxg4 
Qe5 22.h3 Bg5 23.Rad1 Kb8 24.b4 Rc8 25.c5 Rc6 26.Rf3 Rg8 27.Qh5 exf5 28.
exf5 Rcc8 29.Rd5 Qe8 30.Rxd6 Bc6 31.Rfd3 Bd2 32.Rxc6 Qxc6 33.Qf3 Qxf3 34.
Rxf3 Rce8 35.Nf4 Re1+ 36.Kh2 Re3 37.Ncd5 Rxf3 38.gxf3 Rg5 39.Ng2 Rxf5 40.
Ne7 Re5 41.Ng8 Re2 42.Nxf6 Bf4+ 43.Kg1 Bg3 44.Ne4 Rxa2 45.Nxg3 hxg3 46.Nf4
Rh2 0-1

[Event "11th Reykjavik op"]
[Site "Reykjavik ISL"]
[Date "1984.02.20"]
[Round "6"]
[White "Halldorsson, Gudmundur"]
[Black "Bergmann, Throstur"]
[Result "1/2-1/2"]
[WhiteElo "2260"]
[BlackElo "2240"]
[EventDate "1984.02.14"]
[PlyCount "26"]

1.e4 e5 2.Nf3 Nc6 3.Bb5 a6 4.Bxc6 dxc6 5.O-O f6 6.d4 Bg4 7.dxe5 Qxd1 8.
Rxd1 fxe5 9.Rd3 Bd6 10.Bg5 Nf6 11.Nbd2 O-O 12.Re1 Bxf3 13.Nxf3 Nd7 1/2-1/2

[Event "11th Reykjavik op"]
[Site "Reykjavik ISL"]
[Date "1984.02.20"]
[Round "6"]
[White "Haraldsson, Haraldur"]
[Black "Bjornsson, Tomas"]
[Result "1-0"]
[WhiteElo "2215"]
[BlackElo "2220"]
[EventDate "1984.02.14"]
[PlyCount "93"]

1.d4 d5 2.c4 c6 3.Nf3 Nf6 4.Nc3 e6 5.e3 Nbd7 6.Bd3 dxc4 7.Bxc4 b5 8.Bd3 
Bb7 9.O-O a6 10.e4 b4 11.e5 Nd5 12.Ne4 c5 13.Bc2 h6 14.Re1 Be7 15.Nfd2 
N5b6 16.Qg4 Kf8 17.Nxc5 Nxc5 18.dxc5 Bxc5 19.Nb3 Be7 20.Be3 h5 21.Qe2 Na4 
22.Rad1 Qc7 23.Bd4 h4 24.h3 Nb6 25.Be4 Bxe4 26.Qxe4 Nd5 27.Rc1 Qb7 28.Rc2 
g6 29.Rec1 Kg7 30.Bc5 Bg5 31.Rf1 Rhc8 32.f4 Bd8 33.Rfc1 a5 34.Kh2 Qd7 35.
Rc4 Be7 36.Qc2 a4 37.Bxe7 Nxe7 38.Nc5 Qb5 39.Qe4 Rab8 40.Qe1 Rh8 41.Ne4 
Nf5 42.Rc7 Rhf8 43.Ng5 Qd3 44.Nxe6+ Kg8 45.Nxf8 Rxf8 46.Rd1 Qb5 47.Rdd7 
1-0